000 00256nam a22000977a 4500
999 _c521699
_d521699
082 _aTNC Z2x5442 Su16
100 _aSubramanian, V.
_935865
245 _aParched Earth
_bThe Maharashtra Drought (1970-73)
260 _aBombay
_bOrient Longman
300 _a640p.